The animal kingdom

Gespeichert in:
Bibliographische Detailangaben
1. Verfasser: Browne, Thomas
Format: Buch
Sprache:Englisch
Veröffentlicht: London, England, United Kingdom Marshall Cavendish Books Limited 1977
Schriftenreihe:The Mind Alive Encyclopedia
Schlagworte:
Tags: Tag hinzufügen
Keine Tags, Fügen Sie den ersten Tag hinzu!

MARC

LEADER 00000cam a2200000 a 4500
001 UCF5613
003 CL-VaPUC
005 20211028074330.0
008 130318e19770000UK |||||||||||||||||eng|d
999 |c 351105  |d 351103 
020 |a 085685302X 
040 |c Pontificia Universidad Católica de Valparaíso 
082 0 4 |a 590 BRO 1977  |2 21 
100 0 |a Browne, Thomas  |9 567577 
245 1 4 |a The animal kingdom 
260 0 3 |a London, England, United Kingdom  |b Marshall Cavendish Books Limited  |c 1977 
300 |a 240 páginas 
490 0 |a The Mind Alive Encyclopedia 
583 |a last modification  |c 20130318 11:20:00  |k Rodrigo Vera 
650 7 |a REINO ANIMAL  |2 CL-VaPUC  |9 546755 
650 0 |a Zoología  |9 261613 
650 7 |a ESPECIES ANIMALES  |2 CL-VaPUC  |9 546756 
650 0 |a Distribución geográfica  |9 260005 
942 |c BK  |2 ddc 
945 |d 20130318 00:00:00  |a dcastane 
952 |0 0  |1 0  |2 ddc  |4 0  |6 590_000000000000000_BRO_1977  |7 0  |8 C  |9 454993  |a BIBCUR  |b BIBCUR  |d 2019-11-22  |i 4949803  |l 4  |o 590 BRO 1977  |p 4949803  |r 2025-04-22  |s 2024-09-10  |t 1  |w 2019-11-22  |y BK  |k CAC